| 000 | 02276nam a22001457a 4500 | ||
|---|---|---|---|
| 999 |
_c532847 _d532847 |
||
| 008 | 260323b ||||| |||| 00| 0 eng d | ||
| 100 |
_aSharma, Vaishali Singh, Naresh and Sahai, Komal _959839 |
||
| 245 | _aEvaluating community Anaj banks: Institutional assessment and impact on rural food security in utter Pradesh | ||
| 260 | _aInternational Journal of Rural Management | ||
| 300 | _a 21(3) Dec, 2025: p.333-351 | ||
| 520 | _aRural agrarian communities in India, despite being central to national food production, continue to face significant food insecurity. This paradox arises due to factors such as poor agricultural infrastructure, fluctuating yields, post-harvest losses, socio-economic inequalities and inconsistent coverage of state food safety nets. Although India operates one of the world’s largest public food distribution systems, 74% of the population is still unable to afford a healthy diet. This study investigates the role of Community Anaj Banks (CABs) in enhancing food security among small and marginal farmers in rural Uttar Pradesh. It focuses on two key objectives: understanding how CABs operate as community-governed institutions and examining their contribution to food security. Data were collected through qualitative assessment surveys and semi-structured interviews in eight villages across Kanpur Nagar and Kanpur Dehat districts. Thematic content analysis was conducted, guided by the HLPE’s six-dimensional food security framework and indicators of community governance. Findings suggest that CABs strengthen food security by improving local access to food, fostering community trust and promoting participatory governance. However, challenges such as self-interest and policy conflicts remain. The study offers institutional and policy recommendations for scaling and sustaining decentralised, community-led food security models.- Reproduced https://journals.sagepub.com/doi/full/10.1177/09730052251364652?_gl=1*umwqxw*_up*MQ..*_ga*NzYwMDM0NDM5LjE3NzQyNTg1MTE.*_ga_60R758KFDG*czE3NzQyNTg1MTEkbzEkZzAkdDE3NzQyNTg1MTEkajYwJGwwJGgyNTYzMzIzMTI. | ||
| 650 |
_aAnaj banks, Community governance, Food security dimensions, Decentralised food systems. _959840 |
||
| 773 | _aInternational Journal of Rural Management | ||
| 942 | _cAR | ||